| 000 | 00819cam a22002534a 4500 | ||
|---|---|---|---|
| 001 | 11136 | ||
| 003 | IN-BhIIT | ||
| 005 | 20250122165156.0 | ||
| 008 | 050509s2005 ne a b 001 0 eng | ||
| 020 | _a9781558609105 (hbk) | ||
| 040 | _aIN-BhIIT | ||
| 041 | _aeng | ||
| 082 | 0 | 0 |
_a005.43 _bSMI/V |
| 100 | 1 |
_aSmith, James E. _eAuthor _925177 |
|
| 245 | 1 | 0 |
_aVirtual machines : _bversatile platforms for systems and processes / _cby James E. Smith and Ravi Nair. |
| 260 |
_aBoston : _bMorgan Kaufmann Publishers, _c2005. |
||
| 300 |
_axxii, 638 p. : _bill. ; _c24 cm. |
||
| 504 | _aIncludes bibliographical references and index. | ||
| 650 | 0 |
_aVirtual computer systems. _925178 |
|
| 650 | 0 | _aComputer architecture. | |
| 650 | 0 |
_aSystem design. _9586 |
|
| 700 | 1 |
_aNair, Ravi. _eJoint author _925179 |
|
| 942 |
_cTRB _01 |
||
| 999 |
_c14603 _d14603 |
||